The complete masques /

Bibliographic Details
Main Author: Jonson, Ben, 1573?-1637
Other Authors: Orgel, Stephen
Format: Book
Language:English
Published: New Haven : Yale University Press, 1969.
Series:Yale Ben Jonson.

MARC

Tag First Indicator Second Indicator Subfields
LEADER 00000cam a2200000 4500
001 in00000174513
005 20151008094216.0
008 690923s1969 ctua b 00000 eng
010 |a  69015456  
035 |a (OCoLC)00023071 
035 |9 AAU6275AM 
037 |c 12.50 
040 |a DLC  |c DLC  |d TXA  |d UtOrBLW 
049 |a TXAM  |c [701830] 
050 0 0 |a PR2624  |b .A2 1969 
082 0 |a 822/.3 
100 1 |a Jonson, Ben,  |d 1573?-1637. 
245 1 4 |a The complete masques /  |c Edited by Stephen Orgel. 
264 1 |a New Haven :  |b Yale University Press,  |c 1969. 
300 |a xii, 557 pages :  |b illustrations ;  |c 22 cm. 
336 |a text  |b txt  |2 rdacontent 
337 |a unmediated  |b n  |2 rdamedia 
338 |a volume  |b nc  |2 rdacarrier 
490 1 |a The Yale Ben Jonson 
504 |a Includes bibliographical references. 
700 1 |a Orgel, Stephen. 
830 0 |a Yale Ben Jonson. 
999 |a MARS 
999 f f |s c8146b2f-7238-312f-8d4e-99d1f68f3946  |i f97b2c4f-d452-3fe0-a7b1-6245f6feb4c3  |t 0 
952 f f |p normal  |a Texas A&M University  |b Galveston Campus  |c Jack K. Williams Library  |d Galveston Stacks  |t 0  |e PR2624 .A2 1969  |h Library of Congress classification  |i unmediated -- volume  |m 33620000654687 
952 f f |p normal  |a Texas A&M University  |b College Station  |c Sterling C. Evans Library  |d Evans: Library Stacks  |t 0  |e PR2624 .A2 1969  |h Library of Congress classification  |i unmediated -- volume  |m A14803890663 
998 f f |a PR2624 .A2 1969  |t 0  |l Evans: Library Stacks 
998 f f |a PR2624 .A2 1969  |t 0  |l Galveston Stacks